Tratado de la huerta ó método de cultivar toda clase de hortalizas
Saved in:
| Main Author: | |
|---|---|
| Format: | Unknown |
| Language: | Spanish |
| Published: |
Madrid
s n (Imp Dávila)
1813
|
| Edition: | 2a ed. Corregida y aumentada |
| Textbook Catalogue: | MANES: Library Catalog Search Result |
| Textbook Classification: |
|
| Online Access: | Books Google |
| Tags: |
Add Tag
No Tags, Be the first to tag this record!
|
| Added to: | 2016-04-26 |
| Changed in: | 2026-01-30 |
MARC
| LEADER | 000000000a22000000004500 | ||
|---|---|---|---|
| 001 | 34397 | ||
| 003 | OSt | ||
| 005 | 20260130091335.0 | ||
| 008 | 160427s sp ||||| |||| 00| 0 spa d | ||
| 040 | |a manes |c manes | ||
| 041 | |a Español | ||
| 690 | |a ETP | ||
| 856 | |z Books Google |u http://books.google.es/books?hl=es&id=UP4AfshM8vUC&dq=%22Tratado+de+la+huerta+%C3%B3+m%C3%A9todo+de+cultivar+toda+clase+de+hortalizas%22+boutelou&printsec=frontcover&source=web&ots=_kFl5tnYkY&sig=l6xWCdFMSUemj9wZJSU5__DeL1Y&sa=X&oi=book_result&resnum=1&ct=result#PPP4,M1 | ||
| 100 | 1 | |a Boutelou, Claudio |9 19969 | |
| 245 | 0 | 0 | |a Tratado de la huerta ó método de cultivar toda clase de hortalizas |
| 250 | |a 2a ed. Corregida y aumentada | ||
| 260 | 3 | |a Madrid |b s n (Imp Dávila) |c 1813 | |
| 300 | |a 444 p. |c 21 cm | ||
| 500 | |a Signatura: JE2/153. Enc. pasta española. | ||
| 691 | 0 | |a SE | |
| 942 | |2 ddc |c BK | ||
| 546 | |a España | ||
| 999 | |c 41395 |d 41395 | ||
| 999 | |c manes:41395 |d 41395 | ||